Statistiques concernant Les joueurs ayant joué le plus de matchs avec l'OL

Cliquez ici pour prendre le quiz!

Statistiques générales

  • Ce quiz a été pris 127 fois
  • Le résultat moyen est 7 sur 20

Statistiques - réponses

JoueurNombre de matchsAnnées d'activitéNationalité% Correct
Anthony Lopes3552012-Portugal
94%
Juninho3442001-2009Brésil
88%
Cris3122004-2012Brésil
77%
Gregory Coupet5191997-2008France
75%
Kim Källström2832006-2012Suède
70%
Sidney Govou4121999-2010France
70%
Maxime Gonalons3342009-2017France
54%
Anthony Réveillère4242003-2013France
51%
Fleury Di Nallo4941960-1974France
50%
Serge Chiesa5421969-1983France
34%
Raymond Domenech2931970-1978France
30%
Yves Chauveau4901963-1965 1966-1975 1978-1982France
6%
Aimé Mignot4241955-1967France
5%
Angel Rambert3851960-1970France
5%
Camille Ninel2811050-1961France
5%
Alain Olio2891976-1984 1985-1986France
1%
Bernard Lhomme2941966-1976France
0%
Ljubomir Mihajlovic2791970-1977Yougoslavie
0%
Lucien Degeorges2941959-1969France
0%
Marcel Leborgne3241956-1960 1961-1969France
0%

Distribution des résultats

Percentile par nombre de réponses

% des personnes avec chaque résultat

Votre développement - résultats

Vous n’avez pas pris ce quiz